[Event "Titled Tuesday intern op 30th Aug Late"]
[Site "Chess.com INT"]
[Date "2022.08.30"]
[Round "3"]
[White "Reprintsev, Alexander"]
[Black "Hansen, Eric"]
[Result "0-1"]
[WhiteElo "2350"]
[BlackElo "2606"]
[PlyCount "98"]
[GameId "1821686358929408"]
[EventDate "2022.08.30"]
[EventType "swiss (blitz)"]
[EventRounds "11"]
[EventCountry "USA"]
[SourceTitle "EXT 2023"]
[Source "ChessBase"]
[SourceDate "2022.10.05"]
[SourceVersion "1"]
[SourceVersionDate "2022.10.05"]
[SourceQuality "1"]

1. e4 c5 2. b3 d6 3. Bb2 Nf6 4. Bxf6 gxf6 5. Qh5 e6 6. Nc3 a6 7. f4 Nc6 8. f5 Ke7 9. Nf3 b5 10. a4 Nb4 11. Kd1 Bd7 12. Be2 Rg8 13. g3 Rg7 14. Rf1 e5 15. g4 h6 16. h4 Bc6 17. g5 hxg5 18. hxg5 Kd7 19. g6 fxg6 20. fxg6 Qe8 21. Nh4 Be7 22. axb5 axb5 23. Rxa8 Qxa8 24. Bxb5 Bxb5 25. Nxb5 Qxe4 26. d3 Qd5 27. Nc3 Qe6 28. Nf5 Rg8 29. Ne4 Ra8 30. Nxe7 Qxe7 31. Nxf6+ Kc6 32. Kd2 Ra2 33. Qf3+ d5 34. Rc1 Qg7 35. Qf5 Qh6+ 36. Kd1 Qh1+ 37. Kd2 Qg2+ 38. Kd1 Qg1+ 39. Kd2 Rxc2+ 40. Rxc2 Qg2+ 41. Kd1 Qxc2+ 42. Ke1 Nxd3+ 43. Kf1 Qb1+ 44. Ke2 Nf4+ 45. Qxf4 exf4 46. g7 Qb2+ 47. Kf3 Qc3+ 48. Kg4 Qg3+ 49. Kf5 Qxg7 0-1

[Event "Titled Tuesday intern op 30th Aug Late"]
[Site "Chess.com INT"]
[Date "2022.08.30"]
[Round "6"]
[White "Hansen, Eric"]
[Black "Bartholomew, John"]
[Result "1-0"]
[WhiteElo "2606"]
[BlackElo "2446"]
[PlyCount "67"]
[GameId "1821686360522752"]
[EventDate "2022.08.30"]
[EventType "swiss (blitz)"]
[EventRounds "11"]
[EventCountry "USA"]
[SourceTitle "EXT 2023"]
[Source "ChessBase"]
[SourceDate "2022.10.05"]
[SourceVersion "1"]
[SourceVersionDate "2022.10.05"]
[SourceQuality "1"]

1. e4 d5 2. exd5 Qxd5 3. Nc3 Qa5 4. Bc4 Nf6 5. d3 Bg4 6. Nge2 Bxe2 7. Qxe2 e6 8. Bd2 c6 9. g4 Qd8 10. f4 Be7 11. f5 exf5 12. gxf5 Nbd7 13. Rg1 Kf8 14. O-O-O Bc5 15. Rxg7 Kxg7 16. Qg2+ Kf8 17. Bh6+ Ke7 18. Re1+ Ne5 19. Rxe5+ Kd7 20. Rxc5 Qe7 21. b4 Rhg8 22. Qf2 Rae8 23. Kb2 Kc8 24. Bf4 Nd7 25. Ne4 Nxc5 26. bxc5 Rd8 27. Qe3 Rge8 28. Qh3 f6 29. Be6+ Rd7 30. Bd6 Qg7 31. Qh4 Rxe6 32. fxe6 f5+ 33. Qf6 Qxf6+ 34. Nxf6 1-0

[Event "Titled Tuesday intern op 30th Aug Late"]
[Site "Chess.com INT"]
[Date "2022.08.30"]
[Round "8"]
[White "Hansen, Eric"]
[Black "Sjugirov, Sanan"]
[Result "0-1"]
[WhiteElo "2606"]
[BlackElo "2703"]
[PlyCount "60"]
[GameId "1821686361341952"]
[EventDate "2022.08.30"]
[EventType "swiss (blitz)"]
[EventRounds "11"]
[EventCountry "USA"]
[SourceTitle "EXT 2023"]
[Source "ChessBase"]
[SourceDate "2022.10.05"]
[SourceVersion "1"]
[SourceVersionDate "2022.10.05"]
[SourceQuality "1"]

1. e4 c6 2. d4 d5 3. e5 Bf5 4. Nf3 e6 5. Be2 Ne7 6. Nbd2 h6 7. Nb3 Bh7 8. O-O Nd7 9. c3 a5 10. a4 Qb6 11. Ne1 Nf5 12. Bd3 Bg6 13. g4 Nh4 14. f4 Bxd3 15. Nxd3 Be7 16. Be3 h5 17. h3 hxg4 18. hxg4 f5 19. exf6 Nxf6 20. Nbc5 Bxc5 21. dxc5 Qc7 22. Ne5 O-O-O 23. b4 g5 24. Qd4 Qh7 25. Ra2 Nf5 26. gxf5 Ne4 27. Qxe4 dxe4 28. Rg2 Qh3 29. Bd4 e3 30. Ng6 Qh1# 0-1

[Event "Titled Tuesday intern op 30th Aug Late"]
[Site "Chess.com INT"]
[Date "2022.08.30"]
[Round "11"]
[White "Arabidze, Meri"]
[Black "Hansen, Eric"]
[Result "0-1"]
[WhiteElo "2426"]
[BlackElo "2606"]
[PlyCount "64"]
[GameId "1821686362517504"]
[EventDate "2022.08.30"]
[EventType "swiss (blitz)"]
[EventRounds "11"]
[EventCountry "USA"]
[SourceTitle "EXT 2023"]
[Source "ChessBase"]
[SourceDate "2022.10.05"]
[SourceVersion "1"]
[SourceVersionDate "2022.10.05"]
[SourceQuality "1"]

1. d4 Nf6 2. c4 e6 3. Nf3 Bb4+ 4. Bd2 Be7 5. g3 O-O 6. Bg2 c6 7. O-O d5 8. Qc2 Nbd7 9. Rd1 b6 10. Bf4 a5 11. b3 Ba6 12. Nbd2 b5 13. Ne5 Rc8 14. e4 bxc4 15. bxc4 Nxe5 16. Bxe5 Nd7 17. Bf4 Bb4 18. exd5 cxd5 19. c5 e5 20. dxe5 Nxc5 21. Qf5 Be2 22. Re1 Bd3 23. Qg4 Ne6 24. Red1 Rc2 25. Bf1 h5 26. Qf3 Bg6 27. Nb3 Be4 28. Qxh5 Nxf4 29. gxf4 Qb6 30. Nd4 Bc5 31. Rab1 Bxd4 32. Rxb6 Bxf2# 0-1

[Event "Titled Tuesday intern op 06th Sep Late"]
[Site "Chess.com INT"]
[Date "2022.09.06"]
[Round "1"]
[White "Hansen, Eric"]
[Black "Stanojoski, Zvonko"]
[Result "1-0"]
[WhiteElo "2613"]
[BlackElo "2413"]
[PlyCount "45"]
[GameId "1824179669602304"]
[EventDate "2022.09.06"]
[EventType "swiss (blitz)"]
[EventRounds "11"]
[EventCountry "USA"]
[SourceTitle "EXT 2023"]
[Source "ChessBase"]
[SourceDate "2022.10.05"]
[SourceVersion "1"]
[SourceVersionDate "2022.10.05"]
[SourceQuality "1"]

1. Nf3 g6 2. d4 c5 3. d5 Bg7 4. Nc3 d6 5. h3 a6 6. a4 Nf6 7. e4 O-O 8. Bd3 Nfd7 9. O-O Ne5 10. Nxe5 Bxe5 11. Bh6 Re8 12. f4 Bg7 13. Bxg7 Kxg7 14. e5 Nd7 15. Qe1 c4 16. Bxc4 Qb6+ 17. Kh1 Qxb2 18. Bb3 Nc5 19. Ra2 Qxa2 20. Bxa2 Bf5 21. Qd2 Rac8 22. Bb3 Nd7 23. g4 1-0

[Event "Titled Tuesday intern op 06th Sep Late"]
[Site "Chess.com INT"]
[Date "2022.09.06"]
[Round "5"]
[White "Hansen, Eric"]
[Black "Bjelobrk, Igor"]
[Result "1-0"]
[WhiteElo "2613"]
[BlackElo "2405"]
[PlyCount "105"]
[GameId "1824179675258880"]
[EventDate "2022.09.06"]
[EventType "swiss (blitz)"]
[EventRounds "11"]
[EventCountry "USA"]
[SourceTitle "EXT 2023"]
[Source "ChessBase"]
[SourceDate "2022.10.05"]
[SourceVersion "1"]
[SourceVersionDate "2022.10.05"]
[SourceQuality "1"]

1. c4 e6 2. d4 d5 3. cxd5 exd5 4. Nc3 c6 5. Bf4 Bd6 6. Bxd6 Qxd6 7. e3 Bf5 8. Bd3 Bxd3 9. Qxd3 Nf6 10. Nge2 O-O 11. f3 c5 12. O-O Nc6 13. Nb5 Qe7 14. dxc5 Qxc5 15. Rac1 Qb6 16. Nbc3 Rfe8 17. Nd4 Ne5 18. Qb5 Nc4 19. Qxb6 axb6 20. b3 Nd6 21. Rfe1 b5 22. Rc2 b4 23. Na4 Ra5 24. Kf2 g6 25. Rec1 Rea8 26. g4 h6 27. h4 b5 28. Nb6 R8a6 29. Rc6 Rxa2+ 30. Kg3 Nfe8 31. Nxd5 Rxc6 32. Rxc6 Rb2 33. Nxb4 Kf8 34. Nd5 Rb1 35. Rb6 Rb2 36. Nxb5 Rxb3 37. Nxd6 Rxb6 38. Nxe8 Rb1 39. Nef6 Rg1+ 40. Kf4 Rh1 41. h5 g5+ 42. Ke4 Ra1 43. Nd7+ Kg7 44. N7b6 Rb1 45. Nc4 Ra1 46. Nd6 Ra4+ 47. Ke5 Ra5 48. Nf5+ Kh7 49. e4 Ra6 50. Nf6+ Kh8 51. Nxh6 Re6+ 52. Kf5 Kg7 53. Kxg5 1-0

[Event "Titled Tuesday intern op 06th Sep Late"]
[Site "Chess.com INT"]
[Date "2022.09.06"]
[Round "6"]
[White "Leiva, German"]
[Black "Hansen, Eric"]
[Result "0-1"]
[WhiteElo "2389"]
[BlackElo "2613"]
[PlyCount "154"]
[GameId "1824179676282880"]
[EventDate "2022.09.06"]
[EventType "swiss (blitz)"]
[EventRounds "11"]
[EventCountry "USA"]
[SourceTitle "EXT 2023"]
[Source "ChessBase"]
[SourceDate "2022.10.05"]
[SourceVersion "1"]
[SourceVersionDate "2022.10.05"]
[SourceQuality "1"]

1. e4 d6 2. d4 Nf6 3. Bd3 g6 4. Nf3 Bg7 5. O-O Nc6 6. c3 e5 7. h3 O-O 8. Re1 Nd7 9. Bf1 h6 10. Na3 a6 11. Nc2 Re8 12. a4 exd4 13. cxd4 a5 14. Bd2 Nb6 15. Bc3 d5 16. e5 Bf5 17. Ne3 Be4 18. Nd2 Qg5 19. Nxe4 dxe4 20. Qb3 Rad8 21. Rad1 Re7 22. g3 h5 23. h4 Qh6 24. Bg2 Red7 25. e6 Nxd4 26. Rxd4 Rxd4 27. exf7+ Kh7 28. Bxd4 Bxd4 29. Qe6 Qg7 30. Bxe4 Rf8 31. Nf5 Bxf2+ 32. Kxf2 Qxf7 33. Qxf7+ Rxf7 34. Kg2 gxf5 35. Bxb7 Nxa4 36. Re2 Nb6 37. Bc6 Kg7 38. Bf3 f4 39. Bxh5 Rf5 40. Bg4 Rf7 41. gxf4 Rxf4 42. Kg3 Rb4 43. Re7+ Kf6 44. Re6+ Kg7 45. Re7+ Kf6 46. Re6+ Kf7 47. Re2 Rb3+ 48. Kf4 Nd5+ 49. Kg5 Rb5 50. Re5 c6 51. Bh5+ Kg7 52. Bg6 Rxb2 53. h5 Rg2+ 54. Kh4 a4 55. Re6 a3 56. Rxc6 a2 57. Ra6 Nf4 58. Ra7+ Kf6 59. Be4 Re2 60. Bg6 Ke5 61. Kg5 Rg2+ 62. Kh6 Rh2 63. Kg7 Ne6+ 64. Kg8 Nf4 65. Ra5+ Kd4 66. Kg7 Kc3 67. Ra4 Ne6+ 68. Kg8 Nc5 69. Ra5 Nb3 70. Bf7 Nxa5 71. Bxa2 Rxa2 72. h6 Rg2+ 73. Kf7 Nc6 74. h7 Ne5+ 75. Kf6 Rh2 76. Kg7 Nf7 77. Kxf7 Rxh7+ 0-1

[Event "Titled Tuesday intern op 06th Sep Late"]
[Site "Chess.com INT"]
[Date "2022.09.06"]
[Round "7"]
[White "Hansen, Eric"]
[Black "Jobava, Baadur"]
[Result "1-0"]
[WhiteElo "2613"]
[BlackElo "2578"]
[PlyCount "121"]
[GameId "1824179676889088"]
[EventDate "2022.09.06"]
[EventType "swiss (blitz)"]
[EventRounds "11"]
[EventCountry "USA"]
[SourceTitle "EXT 2023"]
[Source "ChessBase"]
[SourceDate "2022.10.05"]
[SourceVersion "1"]
[SourceVersionDate "2022.10.05"]
[SourceQuality "1"]

1. e4 e6 2. d4 d5 3. Nc3 dxe4 4. Nxe4 Bd7 5. Nf3 Bc6 6. Bd3 Nd7 7. c3 Ngf6 8. Ng3 g6 9. O-O Bg7 10. Re1 O-O 11. Bf4 a5 12. Qe2 Bxf3 13. Qxf3 c6 14. Rad1 a4 15. Bc1 Qc7 16. h4 h5 17. Nf1 Rfe8 18. Bf4 Qb6 19. Re2 Nd5 20. Bg5 a3 21. c4 Nb4 22. Bb1 axb2 23. Rxb2 c5 24. a3 Bxd4 25. Rxd4 cxd4 26. Rxb4 Qc5 27. Rxb7 Rxa3 28. Qf4 e5 29. Qe4 Qd6 30. Qd5 Qxd5 31. cxd5 Nc5 32. Rb5 Rb3 33. Rxc5 Rxb1 34. d6 Rb7 35. Rd5 Rd7 36. Nd2 Re6 37. Ne4 Kg7 38. Be7 Rexe7 39. dxe7 Rxe7 40. f4 exf4 41. Rxd4 f6 42. Kf2 Rf7 43. Kf3 Kh6 44. Nd6 Re7 45. Kxf4 Kg7 46. Kf3 Re6 47. Ne4 Re7 48. Rd6 Rf7 49. Kf4 Rf8 50. Rd7+ Kh6 51. Nd6 g5+ 52. Kf5 gxh4 53. Nf7+ Kg7 54. Ne5+ Kh6 55. Nf7+ Kg7 56. Ng5+ Kg8 57. Ne6 Ra8 58. Kg6 f5 59. Re7 f4 60. Nxf4 Kf8 61. Rd7 1-0

[Event "Titled Tuesday intern op 06th Sep Late"]
[Site "Chess.com INT"]
[Date "2022.09.06"]
[Round "8"]
[White "Rasulov, Vugar Ural Oglu"]
[Black "Hansen, Eric"]
[Result "1-0"]
[WhiteElo "2512"]
[BlackElo "2613"]
[PlyCount "91"]
[GameId "1824179677581312"]
[EventDate "2022.09.06"]
[EventType "swiss (blitz)"]
[EventRounds "11"]
[EventCountry "USA"]
[SourceTitle "EXT 2023"]
[Source "ChessBase"]
[SourceDate "2022.10.05"]
[SourceVersion "1"]
[SourceVersionDate "2022.10.05"]
[SourceQuality "1"]

1. d4 Nf6 2. c4 g6 3. Nf3 Bg7 4. g3 O-O 5. Bg2 d5 6. O-O Nc6 7. Ne5 Nxe5 8. dxe5 Ng4 9. cxd5 Nxe5 10. Nc3 c6 11. Bf4 Qb6 12. Qc2 Bf5 13. Be4 e6 14. Bxf5 gxf5 15. dxe6 fxe6 16. Rad1 Rf7 17. Kg2 Ng6 18. Be3 Qb4 19. f4 Re8 20. a3 Qc4 21. Qd3 Qxd3 22. Rxd3 a6 23. Rfd1 e5 24. Rd8 Rff8 25. Rxe8 Rxe8 26. Kf3 e4+ 27. Kf2 Nf8 28. Bd4 Bxd4+ 29. Rxd4 Kf7 30. Ke3 h5 31. Rd6 Re6 32. Rd8 Re8 33. Rxe8 Kxe8 34. Kd4 Ng6 35. Na4 Ke7 36. Nc5 b6 37. Nxa6 Kd6 38. b4 Nf8 39. a4 Ne6+ 40. Kc4 h4 41. a5 b5+ 42. Kc3 h3 43. e3 Ng7 44. Nc5 Nh5 45. a6 Nxg3 46. a7 1-0

[Event "Titled Tuesday intern op 06th Sep Late"]
[Site "Chess.com INT"]
[Date "2022.09.06"]
[Round "10"]
[White "Hansen, Eric"]
[Black "Kravtsiv, Martyn"]
[Result "0-1"]
[WhiteElo "2613"]
[BlackElo "2598"]
[PlyCount "86"]
[GameId "1824179678846976"]
[EventDate "2022.09.06"]
[EventType "swiss (blitz)"]
[EventRounds "11"]
[EventCountry "USA"]
[SourceTitle "EXT 2023"]
[Source "ChessBase"]
[SourceDate "2022.10.05"]
[SourceVersion "1"]
[SourceVersionDate "2022.10.05"]
[SourceQuality "1"]

1. Nf3 d5 2. g3 Nf6 3. Bg2 c5 4. O-O Nc6 5. d4 cxd4 6. Nxd4 e5 7. Nxc6 bxc6 8. c4 Be6 9. Nc3 Rc8 10. Bg5 d4 11. Ne4 Be7 12. Bxf6 gxf6 13. Qa4 f5 14. Nd2 e4 15. Nb3 O-O 16. c5 Bxb3 17. Qxb3 Bxc5 18. Rac1 Bb6 19. Bh3 Qg5 20. Kg2 Rfd8 21. Qa4 Rd6 22. Qa6 Rc7 23. f3 d3 24. fxe4 fxe4 25. Qc4 Rd4 26. Qa6 Qd2 27. Rce1 Qxb2 28. Bg4 Qb5 29. Qa3 Qg5 30. Rf4 d2 31. Rd1 e3 32. Qxe3 Re7 33. Qf3 Rxf4 34. Qxf4 Qxf4 35. gxf4 Ba5 36. Kf3 Rb7 37. e4 Rb2 38. Bd7 c5 39. Ke3 c4 40. Kd4 c3 41. Ba4 c2 42. Rg1+ Kf8 43. Bxc2 Rxc2 0-1

[Event "Titled Tuesday intern op 06th Sep Late"]
[Site "Chess.com INT"]
[Date "2022.09.06"]
[Round "11"]
[White "Lamard, Guillaume"]
[Black "Hansen, Eric"]
[Result "0-1"]
[WhiteElo "2498"]
[BlackElo "2613"]
[PlyCount "68"]
[GameId "1824179679318016"]
[EventDate "2022.09.06"]
[EventType "swiss (blitz)"]
[EventRounds "11"]
[EventCountry "USA"]
[SourceTitle "EXT 2023"]
[Source "ChessBase"]
[SourceDate "2022.10.05"]
[SourceVersion "1"]
[SourceVersionDate "2022.10.05"]
[SourceQuality "1"]

1. e4 c5 2. Nf3 d6 3. d4 cxd4 4. Nxd4 Nf6 5. Nc3 a6 6. a4 b6 7. Bd3 Bb7 8. O-O Nbd7 9. f4 e6 10. Qe2 Nc5 11. Kh1 Rc8 12. Bd2 Be7 13. Rae1 O-O 14. b4 Nxd3 15. cxd3 Qd7 16. Rf3 d5 17. e5 Ne4 18. dxe4 dxe4 19. Rh3 Qxd4 20. f5 Qxe5 21. fxe6 Qxe6 22. Rg3 f5 23. Nd1 f4 24. Rc3 e3 25. Rxc8 Rxc8 26. Bc3 Rd8 27. Rf1 Qe4 28. Nb2 Bxb4 29. Bxb4 Qxb4 30. Nd3 Qc4 31. Nxf4 Qxe2 32. Nxe2 Rd2 33. Nf4 Rf2 34. Kg1 g5 0-1

[Event "Titled Tuesday intern op 13th Sep Late"]
[Site "Chess.com INT"]
[Date "2022.09.13"]
[Round "10"]
[White "Hansen, Eric"]
[Black "Korchmar, Vasiliy"]
[Result "1-0"]
[WhiteElo "2613"]
[BlackElo "2438"]
[PlyCount "119"]
[GameId "1826751787716608"]
[EventDate "2022.09.13"]
[EventType "swiss (blitz)"]
[EventRounds "11"]
[EventCountry "USA"]
[SourceTitle "EXT 2023"]
[Source "ChessBase"]
[SourceDate "2022.10.05"]
[SourceVersion "1"]
[SourceVersionDate "2022.10.05"]
[SourceQuality "1"]

1. e4 c5 2. Nf3 d6 3. Bb5+ Nd7 4. c3 Ngf6 5. Qe2 a6 6. Ba4 b5 7. Bc2 Bb7 8. O-O e6 9. d4 Be7 10. Re1 O-O 11. Nbd2 Qc7 12. Nf1 cxd4 13. cxd4 Rfc8 14. Bd3 b4 15. Ng3 a5 16. Bd2 h6 17. a3 Qb6 18. axb4 axb4 19. Bb5 Rxa1 20. Rxa1 Rc2 21. Qd3 Rxb2 22. Bc1 Rb3 23. Qxb3 Qxb5 24. Nd2 d5 25. e5 Ne4 26. Ngxe4 dxe4 27. Qc4 Qb6 28. Bb2 Bd5 29. Qc8+ Nf8 30. Nf1 Qb5 31. Ra7 Bg5 32. Qc7 Qe8 33. Bc1 Bxc1 34. Qxc1 Ng6 35. g3 b3 36. Qb2 Qb5 37. Ne3 h5 38. h4 Nf8 39. Rc7 Qb4 40. Rc8 g6 41. Rc5 Kg7 42. Kg2 Kg8 43. g4 hxg4 44. Nxg4 e3+ 45. f3 Qd2+ 46. Qxd2 exd2 47. Ne3 Nd7 48. Rb5 Nf8 49. Kf2 g5 50. hxg5 Ng6 51. Ke2 Nh4 52. Kxd2 Nxf3+ 53. Kc3 Nxg5 54. Nxd5 exd5 55. Rxd5 Ne6 56. Kxb3 Kg7 57. Kc4 Kg6 58. Rd7 f6 59. Rd6 Kf5 60. d5 1-0

[Event "Titled Tuesday intern op 01st Nov Late"]
[Site "Chess.com INT"]
[Date "2022.11.01"]
[Round "4"]
[White "Gareyev, Timur"]
[Black "Hansen, Eric"]
[Result "1/2-1/2"]
[WhiteElo "2602"]
[BlackElo "2609"]
[PlyCount "140"]
[GameId "1844530291154944"]
[EventDate "2022.11.01"]
[EventType "swiss (blitz)"]
[EventRounds "11"]
[EventCountry "USA"]
[SourceTitle "EXT 2024"]
[Source "ChessBase"]
[SourceDate "2023.10.10"]
[SourceVersion "1"]
[SourceVersionDate "2023.10.10"]
[SourceQuality "1"]

1. d4 Nf6 2. c4 e6 3. Nc3 Bb4 4. e3 O-O 5. Nge2 d5 6. a3 Be7 7. cxd5 exd5 8. g3 a5 9. Bg2 c6 10. O-O Na6 11. b3 Bf5 12. Bb2 Re8 13. Nf4 Bd6 14. Nd3 h5 15. h3 h4 16. g4 Bh7 17. Qd2 Ne4 18. Nxe4 dxe4 19. Nf4 Nc7 20. d5 Bxf4 21. exf4 Nxd5 22. f5 Qb6 23. Bd4 Qxb3 24. Rfb1 Qa4 25. Bxg7 Kxg7 26. Qg5+ Kh8 27. Rxb7 Qd4 28. Re1 Ra7 29. Rxa7 Qxa7 30. Rxe4 Rxe4 31. Bxe4 Qe7 32. Qh6 f6 33. Bf3 Qg7 34. Qxh4 Qg5 35. Qg3 Qf4 36. Qg2 Qe5 37. Bxd5 cxd5 38. Qf3 Bg8 39. g5 Kg7 40. h4 Qd4 41. Qh5 Qa1+ 42. Kg2 d4 43. Qg6+ Kf8 44. gxf6 Bd5+ 45. f3 Qb2+ 46. Kg3 Qb7 47. h5 Qc7+ 48. f4 Bf7 49. Qg7+ Ke8 50. h6 Qc3+ 51. Kh4 Qf3 52. h7 Qh1+ 53. Kg3 Qg1+ 54. Kf3 Bd5+ 55. Ke2 Qe3+ 56. Kf1 Qf3+ 57. Ke1 Qe3+ 58. Kf1 Qf3+ 59. Ke1 Qc3+ 60. Kf2 Qd2+ 61. Kg3 Qe3+ 62. Kh4 Qxf4+ 63. Kh5 Qh2+ 64. Kg6 Qg3+ 65. Kh6 Qh4+ 66. Kg6 Qg4+ 67. Kh6 Qh3+ 68. Kg6 Qg4+ 69. Kh6 Qh4+ 70. Kg6 Qg4+ 1/2-1/2

[Event "Titled Tuesday intern op 08th Nov Late"]
[Site "Chess.com INT"]
[Date "2022.11.08"]
[Round "8"]
[White "Hansen, Eric"]
[Black "Przybylski, Wojciech"]
[Result "1-0"]
[WhiteElo "2609"]
[BlackElo "2321"]
[PlyCount "113"]
[GameId "1847043443351552"]
[EventDate "2022.11.08"]
[EventType "swiss (blitz)"]
[EventRounds "11"]
[EventCountry "USA"]
[SourceTitle "EXT 2024"]
[Source "ChessBase"]
[SourceDate "2023.10.10"]
[SourceVersion "1"]
[SourceVersionDate "2023.10.10"]
[SourceQuality "1"]

1. d4 Nf6 2. c4 e6 3. Nc3 Bb4 4. e3 O-O 5. Nge2 d5 6. a3 Bd6 7. cxd5 exd5 8. Ng3 c6 9. Bd3 Re8 10. O-O Nbd7 11. f3 Qc7 12. e4 Bxg3 13. hxg3 Qxg3 14. e5 Nh5 15. f4 Qh4 16. Be3 Ng3 17. Rf3 Nf8 18. Qe1 Qh1+ 19. Kf2 Qxe1+ 20. Kxe1 Nf5 21. Bf2 h5 22. Kd2 g6 23. Rh1 Nh6 24. Bf1 Bg4 25. Rg3 Nf5 26. Rd3 Ne6 27. g3 Nh6 28. Na4 Bf5 29. Rb3 b5 30. Nc3 Ng4 31. Bg1 a5 32. Nd1 Be4 33. Rh4 Ng7 34. Be2 Nf5 35. Rxg4 hxg4 36. Bxg4 Kg7 37. Be2 Rh8 38. g4 Ne7 39. Nf2 f6 40. exf6+ Kxf6 41. Re3 Rae8 42. Rc3 Kf7 43. Re3 Nc8 44. Rc3 Re6 45. Nxe4 dxe4 46. a4 Rd8 47. axb5 cxb5 48. Bxb5 Ne7 49. Bc4 Nd5 50. Ra3 Red6 51. Rxa5 Ke8 52. Bh2 Nf6 53. g5 Rxd4+ 54. Kc3 Ng4 55. Bg1 Rd1 56. Bc5 Rc1+ 57. Kb4 1-0

[Event "Speed Chess Q2"]
[Site "Chess.com INT"]
[Date "2022.11.12"]
[Round "1"]
[White "Ristic, Nebojsa M"]
[Black "Hansen, Eric"]
[Result "0-1"]
[WhiteElo "2335"]
[BlackElo "2609"]
[PlyCount "102"]
[GameId "1847043416412160"]
[EventDate "2022.11.12"]
[EventType "swiss (blitz)"]
[EventRounds "14"]
[EventCountry "USA"]
[SourceTitle "CBM 211 Extra"]
[Source "ChessBase"]
[SourceDate "2023.01.31"]
[SourceVersion "1"]
[SourceVersionDate "2023.01.31"]
[SourceQuality "1"]

1. d4 Nf6 2. Bf4 g6 3. Nc3 Bg7 4. e4 d6 5. Qd2 Nc6 6. O-O-O O-O 7. Nf3 Bg4 8. Qe3 Nh5 9. Bh6 Bxh6 10. Qxh6 Bxf3 11. gxf3 e5 12. dxe5 Nxe5 13. Be2 Qh4 14. Nd5 c6 15. f4 cxd5 16. fxe5 Qf4+ 17. Qxf4 Nxf4 18. Bf3 dxe5 19. exd5 f5 20. Rhe1 Rfe8 21. d6 e4 22. Be2 Rad8 23. Bb5 Re5 24. Bc4+ Kg7 25. Rd4 Rc5 26. b4 Rc6 27. Red1 Kf6 28. f3 Ke5 29. fxe4 fxe4 30. b5 Rcxd6 31. Rxd6 Rxd6 32. Rxd6 Kxd6 33. Kd2 Ke5 34. a4 b6 35. Bg8 h5 36. Bf7 g5 37. Ke3 h4 38. c4 Nd3 39. Bg6 Nb2 40. Bxe4 Nd1+ 41. Kf3 g4+ 42. Kxg4 Kxe4 43. Kxh4 Ne3 44. Kg5 Nxc4 45. h4 Ke5 46. h5 Ke6 47. Kg6 Ne5+ 48. Kg7 Ng4 49. Kg6 Ke7 50. Kg5 Ne5 51. Kf5 Nc4 0-1

[Event "Speed Chess Q2"]
[Site "Chess.com INT"]
[Date "2022.11.12"]
[Round "2"]
[White "Hansen, Eric"]
[Black "Gabrielian, Artur"]
[Result "0-1"]
[WhiteElo "2609"]
[BlackElo "2460"]
[PlyCount "56"]
[GameId "1847043416801280"]
[EventDate "2022.11.12"]
[EventType "swiss (blitz)"]
[EventRounds "14"]
[EventCountry "USA"]
[SourceTitle "CBM 211 Extra"]
[Source "ChessBase"]
[SourceDate "2023.01.31"]
[SourceVersion "1"]
[SourceVersionDate "2023.01.31"]
[SourceQuality "1"]

1. d4 Nf6 2. c4 c5 3. d5 e6 4. Nc3 exd5 5. cxd5 d6 6. Nf3 g6 7. Nd2 Nbd7 8. e4 Bg7 9. Be2 O-O 10. O-O Re8 11. Qc2 Ne5 12. Re1 a6 13. a4 Nfg4 14. Nf1 f5 15. h3 Nxf2 16. Kxf2 Qh4+ 17. g3 Qxh3 18. Bf4 fxe4 19. Qxe4 Bg4 20. Bxe5 Bxe2 21. Nxe2 Rxe5 22. Qg2 Rf8+ 23. Kg1 Qf5 24. Nh2 Rfe8 25. Nf3 Re3 26. Nc3 Rxe1+ 27. Rxe1 Bd4+ 28. Kh1 Qh5+ 0-1

[Event "Speed Chess Q2"]
[Site "Chess.com INT"]
[Date "2022.11.12"]
[Round "5"]
[White "Hansen, Eric"]
[Black "Kravtsiv, Martyn"]
[Result "0-1"]
[WhiteElo "2609"]
[BlackElo "2598"]
[PlyCount "140"]
[GameId "1847043418439680"]
[EventDate "2022.11.12"]
[EventType "swiss (blitz)"]
[EventRounds "14"]
[EventCountry "USA"]
[SourceTitle "CBM 211 Extra"]
[Source "ChessBase"]
[SourceDate "2023.01.31"]
[SourceVersion "1"]
[SourceVersionDate "2023.01.31"]
[SourceQuality "1"]

1. d4 d5 2. c4 e6 3. Nc3 Bb4 4. Qa4+ Nc6 5. Nf3 Nf6 6. Bg5 Bd7 7. Qc2 h6 8. Bxf6 Qxf6 9. e3 dxc4 10. Bxc4 O-O 11. O-O Qe7 12. Rac1 a6 13. Rfd1 Rac8 14. Ne4 Rfd8 15. a3 Bd6 16. b4 e5 17. Nc5 Rb8 18. h3 Be8 19. Re1 Kh8 20. Bf1 g6 21. Qc3 Kg8 22. Ne4 Bd7 23. dxe5 Nxe5 24. Nd4 c6 25. Nxd6 Qxd6 26. Nb3 Be6 27. Nc5 Nd7 28. Rcd1 Qe7 29. Ne4 f5 30. Nd6 Nf8 31. Nc4 Rxd1 32. Rxd1 Rd8 33. Rc1 Bd5 34. Ne5 Qf6 35. f3 Nd7 36. Nc4 Qxc3 37. Rxc3 Nf6 38. Na5 Rd7 39. Rd3 Kf7 40. Kf2 Ke7 41. Rd4 Rc7 42. Bc4 b6 43. Nb3 Rd7 44. Bxd5 Nxd5 45. Rc4 Rc7 46. h4 Kd6 47. h5 gxh5 48. Nd4 f4 49. exf4 Nxf4 50. g3 Nd3+ 51. Ke3 Ne5 52. Rc3 c5 53. bxc5+ bxc5 54. Nf5+ Kd5 55. f4 Nc4+ 56. Kd3 Nd6 57. Ne3+ Kc6 58. Ke2 Rg7 59. Kf3 Rxg3+ 60. Kxg3 Ne4+ 61. Kh4 Nxc3 62. Kxh5 Nd5 63. Nxd5 Kxd5 64. Kxh6 c4 65. f5 c3 66. f6 c2 67. f7 c1=Q+ 68. Kg7 Qg5+ 69. Kh8 Qf6+ 70. Kg8 Qg6+ 0-1

[Event "Speed Chess Q2"]
[Site "Chess.com INT"]
[Date "2022.11.12"]
[Round "10"]
[White "Czerw, Dawid"]
[Black "Hansen, Eric"]
[Result "0-1"]
[WhiteElo "2373"]
[BlackElo "2609"]
[PlyCount "120"]
[GameId "1847043420540928"]
[EventDate "2022.11.12"]
[EventType "swiss (blitz)"]
[EventRounds "14"]
[EventCountry "USA"]
[SourceTitle "CBM 211 Extra"]
[Source "ChessBase"]
[SourceDate "2023.01.31"]
[SourceVersion "1"]
[SourceVersionDate "2023.01.31"]
[SourceQuality "1"]

1. d4 Nf6 2. c4 e6 3. g3 d5 4. Bg2 Bb4+ 5. Bd2 Be7 6. Nf3 O-O 7. O-O Nbd7 8. Qc2 c6 9. b4 Ne4 10. Rc1 a5 11. b5 Nxd2 12. Nbxd2 a4 13. e4 Qa5 14. Rab1 h6 15. Re1 Bb4 16. bxc6 bxc6 17. Rec1 Ba6 18. Bf1 Rfc8 19. exd5 cxd5 20. c5 Bxf1 21. Nxf1 Rab8 22. Qd3 a3 23. Rb3 Nxc5 24. dxc5 Bxc5 25. Rxb8 Rxb8 26. Rc2 Rb2 27. Rxb2 axb2 28. Qb3 Ba3 29. N1d2 Qc5 30. Kg2 g6 31. Ne1 Qc1 32. Nef3 Bc5 33. a4 g5 34. h3 Kg7 35. a5 h5 36. g4 hxg4 37. hxg4 f5 38. Qb7+ Kf6 39. gxf5 g4 40. Qc8 gxf3+ 41. Nxf3 b1=Q 42. Qh8+ Kxf5 43. Qe5+ Kg6 44. Qxe6+ Kg7 45. Qd7+ Kh8 46. Qe8+ Kg7 47. Qd7+ Kf8 48. Qd8+ Kf7 49. Ne5+ Ke6 50. Qd7+ Kxe5 51. Qg7+ Ke6 52. Qg8+ Kd7 53. Qxd5+ Bd6 54. Qf7+ Kc6 55. Qf3+ Kb5 56. Qb7+ Ka4 57. Qd7+ Qb5 58. Qxd6 Qbg5+ 59. Kf3 Qc3+ 60. Ke2 Qb5+ 0-1